Statistiques concernant Culture Générale - Série 674

Cliquez ici pour prendre le quiz!

Statistiques générales

  • Ce quiz a été pris 166 fois
  • Le résultat moyen est 6 sur 10

Statistiques - réponses

QuestionRéponse% Correct
Dans quel pays visite-t-on les villes d'Izmir et d'Ankara ?Turquie
97%
Comment se prénomme l'ex épouse de l'ancien footballeur Christian Karembeu ?Adriana
90%
Selon les Évangiles, dans quelle ville est né Jésus de Nazareth ?Bethléem
79%
Dans quelle comédie de 1992, un saint-bernard met-il la maison de la famille Newton sens dessus dessous ?Beethoven
74%
A quel peintre néerlandais doit-on le portrait de : "L'Arlésienne, Mme Ginoux" ?Vincent Van Gogh
64%
De quelle capitale d'Europe centrale, le pont Charles long de plus de 500 mètres, est-il l'un des monuments incontournables ?Prague
58%
Quel acteur a incarné James Bond dans les films "Demain ne meurt jamais" et "Meurs un autre jour" ?Pierce Brosnan
54%
Quel terme de couleur désigne le mélange de farine et de beurre utilisé pour lier les sauces ?roux
52%
Quel est le nom du gentil petit mogwaï offert à Billy dans : "Les Gremlins", de Joe Dante ?Gizmo
29%
Quel révolutionnaire et homme politique sud-africain a donné son nom à la plus grande réserve animalière d'Afrique du Sud ?Paul Kruger
13%

Distribution des résultats

Percentile par nombre de réponses

% des personnes avec chaque résultat

Votre développement - résultats

Vous n’avez pas pris ce quiz